Statystyki dla Seria Assassin's Creed

Kliknij tutaj aby rozwiązać quiz!

Ogólne statystyki

  • Ten quiz został rozwiązany 208 razy
    (137 od ostatniego zresetowania)
  • Średni wynik to 10 z 17

Statystyki odpowiedzi

HintOdpowiedź% Poprawnych
2007Assassin's Creed
100%
2009Assassin's Creed 2
95%
2010Assassin's Creed: Brotherhood
86%
2012Assassin's Creed 3
81%
2011Assassin's Creed: Revelations
73%
2023Assassin's Creed: Mirage
56%
2017Assassin's Creed: Origin
56%
2018Assassin's Creed: Odyssey
55%
2020Assassin's Creed: Valhalla
55%
2014Assassin's Creed: Unity
54%
2012Assassin's Creed: Liberation
52%
2015Assassin's Creed: Syndicate
48%
2014Assassin's Creed: Rogue
47%
2013Assassin's Creed 4: Black Flag
44%
2016Assassin's Creed Chronicles: India
20%
2016Assassin's Creed Chronicles: Russia
20%
2015Assassin's Creed Chronicles: China
19%

Rozkład punktacji

Percentyl według liczby udzielonych odpowiedzi

Procent ludzi z każdym wynikiem

Twoja historia wyników

Nie rozwiązałeś tego quizu od ostatniego zresetowania